000 01658cam a22004814i 4500
003 PE-LiUPU
005 20250731172957.0
008 150623s1998 miu rb 000 0 eng d
020 _a080109058X
035 _a(Sirsi) i9780801090585
040 _aPE-LiUPU
_bspa
_cPE-LiUPU
_erda
049 _aPRUA
082 0 4 _a259.22
_bCh81
_221
100 1 _aChoun, Robert J.,
_eautor.
245 1 4 _aThe christian educator's handbook on children's ministry :
_breaching and teaching the next generation /
_cRobert J. Choun y Michael S. Lawson.
264 1 _aMichigan :
_bBaker Books,
_c1998.
300 _a317 páginas ;
_c24 centímetros
336 _atext
_2rdacontent
337 _aunmediated
_2rdamedia
338 _avolume
_2rdacarrier
504 _aIncluye bibliografía.
505 0 _aUnderstanding children's ministry -- Children's ministry a to z.
526 _aSEG42
526 _aSEG41
526 _aSEG40
526 _aSEG39
526 _aP94
526 _aP87
526 _aP86
526 _aP85
526 _aP77
526 _aP76
526 _aP35
650 0 4 _aEducación cristiana de niños.
650 0 4 _aIglesia de trabajo con niños.
700 1 _aLawson, Michael S.,
_eautor.
942 _2ddc
_cBOOK
949 _a259.22 CH81
_wDEWEY
_c1
_i45370
_lCCODEBUL1
_mBUL
_r0
_sY
_tBOOK
_u2015-6-24
_xTEOLOGIA
_PP35
_0COMPRA
_o.STAFF. Colección General
994 _aC0
_bPEPRU
596 _a1
999 _a259.22 CH81
_wDEWEY
_c22234
_i45370
_f2021-11-10
_g5
_lCCODEBUL1
_mBUL
_p21.92
_r0
_sY
_tBOOK
_u2015-6-24
_xTEOLOGIA
_PP35
_0COMPRA
_o.STAFF. Colección Teología
_d22234
980 _81
_gALBERTO SANCHEZ Responsable de Automatización